000 01842nam a2200181Ia 4500
008 151202s9999||||xx |||||||||||||| ||und||
082 _bPNVM-42597
100 _aवझे आत्माराम महादेव स्वरमाला सोसा ब अभिनव जवळ कर्वे रोड पुणे ४११ ००४
245 _aविविधा गीता खंड 1 भगवद्गीता - अवधूत - अगस्त्य- अश्म -अजगर व अष्टावक्र मूळ संस्कृत संहिता आणि मराठी अर्थ
260 _b"गीता धर्म मंडळ गीताभवन, ११४१ सदाशिव पेठ, ल ब भोपटकर मार्ग , पुणे ४११ ०३० "
260 _c0
300 _a342
600 _aवझे आत्माराम महादेव स्वरमाला सोसा ब अभिनव जवळ कर्वे रोड पुणे ४११ ००४
630 _aविविधा गीता खंड 1 भगवद्गीता - अवधूत - अगस्त्य- अश्म -अजगर व अष्टावक्र मूळ संस्कृत संहिता आणि मराठी अर्थ
700 _aवझे आत्माराम महादेव स्वरमाला सोसा ब अभिनव जवळ कर्वे रोड पुणे ४११ ००४
730 _aविविधा गीता खंड 1 भगवद्गीता - अवधूत - अगस्त्य- अश्म -अजगर व अष्टावक्र मूळ संस्कृत संहिता आणि मराठी अर्थ
942 _cBOOK
999 _c1308549
_d1308546